• 首页
  • 本馆介绍
  • 公告通知
  • 最新文献
  • 馆藏检索
  • 电子资源
  • 读者导购
  • 参考咨询
  • 我的图书馆
  • 登录
  • 详细信息显示
  • 放入我的书架
  • 预约/预借图书
  • 作者相关作品
  • 分类相关作品
  • 丛书相关作品
  • 出版社相关作品

书目信息

  • 表格格式
  • 工作单格式
  • 卡片格式
题名:
文言教学讲话
    
 
作者: 解惠全 著
分册:  
出版信息: 天津   天津人民出版社  1983
页数: 300页
开本: 19cm
丛书名:
单 册:
中图分类: H193 , G633.3
科图分类:
主题词: 文言文-教学法 , 教学法-文言文
电子资源:
ISBN:
000 00680nam0 2200265 45
001 0183011467
005 20040505092740.7
010    @dCNY0.83
091    @a7072.1303
100    @a19950127d1983 emky0chiy0121 ea
101 0  @achi
102    @aCN@b120000
105    @ay z 000yy
106    @ar
200 10 @a文言教学讲话@Awen yan jiao xue jiang hua@f解惠全著
210    @a天津@c天津人民出版社@d1983
215    @a300页@d19cm
606    @a文言文-教学法
606    @a教学法-文言文
690    @aH193@v3
690    @aG633.3
701  0 @a解惠全@Axie hui quan@4著
801  0 @aCN@b上海图书馆@c20040505
801  2 @aCN@bNLC@c20040505
905    @f2@b150262-263@dG633.3@e111
    
    文言教学讲话/解惠全著.-天津:天津人民出版社,1983
    300页;19cm
    
    
    ISBN :CNY0.83
    
●
相关链接 在E读中查询图书 在五车中查询图书 在当当中查询图书 在豆瓣中查询图书


正题名:文言教学讲话     索取号:G633.3/111         预约/预借

序号 登录号 条形码 馆藏地/架位号 状态 备注
1 0150262   000238727   密集书库/ [索取号:G633.3/111] 在馆    
2 0150263   000238647   密集书库/ [索取号:G633.3/111] 在馆    
3 0150264   000238683   第一样本阅览室/ [索取号:G633.3/111] 在馆    
唐山师范学院图书馆 欢迎您!
大连网信软件有限公司© 版权所有